| Tag |
First Indicator |
Second Indicator |
Subfields |
| LEADER |
00000cam a2200000Ia 4500 |
| 001 |
in00002058713 |
| 005 |
20151101184253.0 |
| 008 |
830404s1957 ru ag b o000 0 rus d |
| 035 |
|
|
|a (OCoLC)ocm09372254
|
| 040 |
|
|
|a AZU
|c AZU
|d OCLCQ
|d TXA
|d UtOrBLW
|
| 043 |
|
|
|a e-ur---
|
| 049 |
|
|
|a TXAM
|
| 090 |
|
|
|a ML1737
|b .P75 1957
|
| 100 |
1 |
|
|a Protopopov, Vladimir Vasilʹevich.
|
| 245 |
1 |
0 |
|a Variat︠s︡ii v russkoĭ klassicheskoĭ opere /
|c Vl. Protopopov.
|
| 264 |
|
1 |
|a Moskva :
|b Gos. muzykalʹnoe izd-vo,
|c 1957.
|
| 300 |
|
|
|a 126 pages :
|b illustrations, music ;
|c 22 cm.
|
| 336 |
|
|
|a text
|b txt
|2 rdacontent
|
| 337 |
|
|
|a unmediated
|b n
|2 rdamedia
|
| 338 |
|
|
|a volume
|b nc
|2 rdacarrier
|
| 490 |
0 |
|
|a V pomoshch pedagogu-muzykantu
|
| 504 |
|
|
|a Includes bibliographical references.
|
| 536 |
|
|
|a From the Estate of George and Mathilda Sabo by Dr. Joseph R. Corcoran & Irene Sabo Corcoran and Family. September 1998.
|
| 650 |
|
0 |
|a Opera
|z Soviet Union
|x History and criticism.
|
| 948 |
|
|
|a cataloged
|b h
|c 2005/6/24
|d c
|e tchubaryan
|f 2:23:23 pm
|
| 994 |
|
|
|a C0
|b TXA
|
| 999 |
|
|
|a MARS
|
| 999 |
f |
f |
|s 173d2cc0-544b-31c1-85ca-a19d59285cab
|i 99c62598-eaf1-38c0-9a43-40580050569c
|t 0
|
| 952 |
f |
f |
|p ric
|a Texas A&M University
|b Rellis Campus
|c Joint Library Facility
|d Remote Storage
|t 0
|e ML1737 .P75 1957
|h Library of Congress classification
|i unmediated -- volume
|m A14833644961
|
| 998 |
f |
f |
|a ML1737 .P75 1957
|t 0
|l Remote Storage
|